Motion and time study : (Record no. 184934)
[ view plain ]
| 000 -LEADER | |
|---|---|
| fixed length control field | 01703 a2200241 4500 |
| 003 - CONTROL NUMBER IDENTIFIER | |
| control field | Nust |
| 005 - DATE AND TIME OF LATEST TRANSACTION | |
| control field | 20230118125846.0 |
| 010 ## - LIBRARY OF CONGRESS CONTROL NUMBER | |
| LC control number | 80000173 |
| 020 ## - INTERNATIONAL STANDARD BOOK NUMBER | |
| International Standard Book Number | 0471059056 : |
| 040 ## - CATALOGING SOURCE | |
| Transcribing agency | Nust |
| 082 00 - DEWEY DECIMAL CLASSIFICATION NUMBER | |
| Classification number | 658.542,BAR |
| 100 1# - MAIN ENTRY--PERSONAL NAME | |
| Personal name | Barnes, Ralph Mosser, |
| 9 (RLIN) | 106983 |
| 245 10 - TITLE STATEMENT | |
| Title | Motion and time study : |
| Remainder of title | design and measurement of work / |
| Statement of responsibility, etc. | Ralph M. Barnes. |
| 250 ## - EDITION STATEMENT | |
| Edition statement | 7th ed. |
| 260 ## - PUBLICATION, DISTRIBUTION, ETC. | |
| Place of publication, distribution, etc. | New York : |
| Name of publisher, distributor, etc. | Wiley, |
| Date of publication, distribution, etc. | c1980. |
| 300 ## - PHYSICAL DESCRIPTION | |
| Extent | xi, 689 p. : |
| Other physical details | ill. ; |
| Dimensions | 24 cm. |
| 505 ## - FORMATTED CONTENTS NOTE | |
| Formatted contents note | Productivity (Page-1) Definition and Scope of Motion and Time Study (Page-6), History of Motion and Time Study (Page-12), The General Problems Solving Process (Page-22), Work Methods Design The Broad View (Page-35), Work Methods Design Developing A Better Methods (Page-50), Process Analysis (Page-61), Operating Analysis (Page-97), Micro motion Study (Page-110), Films Analysis (Page-140), The use of Fundamental Hand Motions (Page-158), Principle of Motion Economy as Related to the use of the Human Body (Page-174), Time Study Time Equipment Making the Time Study (Page-257), Time Study Determining the Rating Factor (Page-287), Time Study Determining Allowances and Time Standers (Page-305), Determining Time Standards from Standard Data and Formulas (Page-336), Job Enlargement (Page-570), Evolution of Measurement Inceptives and Design of Work at Kodak Park (Page-599), Motorola Participative Management Program (Page-608), The Lakeview Plan (Page-625). |
| 650 #0 - SUBJECT ADDED ENTRY--TOPICAL TERM | |
| Topical term or geographic name entry element | Motion study. |
| 650 #0 - SUBJECT ADDED ENTRY--TOPICAL TERM | |
| Topical term or geographic name entry element | Time study. |
| 856 42 - ELECTRONIC LOCATION AND ACCESS | |
| Materials specified | Publisher description |
| Uniform Resource Identifier | <a href="http://www.loc.gov/catdir/description/wiley033/80000173.html">http://www.loc.gov/catdir/description/wiley033/80000173.html</a> |
| 856 42 - ELECTRONIC LOCATION AND ACCESS | |
| Materials specified | Table of Contents |
| Uniform Resource Identifier | <a href="http://www.loc.gov/catdir/toc/onix03/80000173.html">http://www.loc.gov/catdir/toc/onix03/80000173.html</a> |
| 942 ## - ADDED ENTRY ELEMENTS (KOHA) | |
| Source of classification or shelving scheme | |
| Koha item type | Book |
| Withdrawn status | Lost status | Source of classification or shelving scheme | Damaged status | Not for loan | Permanent Location | Current Location | Shelving location | Date acquired | Full call number | Barcode | Date last seen | Price effective from | Koha item type | Public note |
|---|---|---|---|---|---|---|---|---|---|---|---|---|---|---|
| Military College of Signals (MCS) | Military College of Signals (MCS) | General Stacks | 12/12/2016 | 658.542,BAR | MCS30326 | 12/08/2016 | 12/12/2016 | Book | Amirah No.42, Shelf No.6 |
